| 000 | 02678nam0a2200337 4500 | ||
|---|---|---|---|
| 001 | RU\NLR\BIBL_A\022615028 | ||
| 005 | 20251218125732.0 | ||
| 010 |
_a978-5-94067-557-0 _9300 |
||
| 021 |
_aRU _bКН-П-25-041691 _9КН-П-25-4060 |
||
| 035 | _a(NLR Aleph) 022615028 | ||
| 090 |
_a13506408 _c13506408 |
||
| 100 | _a20250904d2024 k y0rusy50 ca | ||
| 101 | 0 | _arus | |
| 102 | _aRU | ||
| 105 | _ay z 100zy | ||
| 181 | 0 |
_ai4 _baxxe |
|
| 182 | 0 | _an | |
| 200 | 1 |
_aВспомогательные исторические дисциплины в современном научном знании _eматериалы XXXVI Всероссийской научной конференции с международным участием, Москва, 4-5 апреля 2024 года _fРоссийский государственный гуманитарный университет, Историко-архивный институт, Исторический факультет, Кафедра вспомогательных исторических дисциплин и археографии, Российская академия наук, Институт всеобщей истории, Отдел специальных исторических дисциплин _gредакционная коллегия: ...И. Г. Коновалова (отв. ред.), Е. В. Пчелов (отв. ред.) [и др.] |
|
| 203 |
_aТекст _bвизуальный _cнепосредственный |
||
| 210 |
_aМосква _cИВИ РАН _d2024 |
||
| 215 |
_a397 с. _d21 |
||
| 606 | 1 |
_aВспомогательные исторические дисциплины _jСъезды, совещания и т.п _2nlr_sh1 _2nlr_sh2 _3RU\NLR\AUTH\66136437 |
|
| 686 | 1 | _aТ2.я431 | |
| 702 | 1 |
_aКоновалова _bИ. Г. _f1954- _gИрина Геннадиевна _3RU\NLR\AUTH\770203832 _4340 |
|
| 711 | 1 | 2 |
_a"Вспомогательные исторические дисциплины в современном научном знании", всероссийская научная конференция с международным участием _d36 _f2024 _eМосква _3RU\NLR\AUTH\880630966 |
| 712 | 0 | 2 |
_aРоссийский государственный гуманитарный университет _bИсторико-архивный институт _bКафедра вспомогательных исторических дисциплин и археографии _3RU\NLR\AUTH\880584436 _4557 |
| 942 | _cBOOK | ||
| 980 | _aNB | ||